| 000 | 00612nam a2200181 4500 | ||
|---|---|---|---|
| 003 | SEACOMEC | ||
| 005 | 20240904142413.0 | ||
| 008 | 240408b |||||||| |||| 00| 0 eng d | ||
| 020 |
_a 978-9390457151 _cRs.699.00 |
||
| 040 | _aSEACOMEC | ||
| 082 |
_a005.133 _bR215 |
||
| 100 | _aRao, R. Nageswara | ||
| 245 |
_aCore Python Programming _b3ed: Covers fundamentals to advanced topics like OOPS, Exceptions, Data structures, Files, Threads/ _cR. Nageswara Rao |
||
| 260 |
_aNew Delhi _bDreamtech Press _c2001 |
||
| 300 |
_a792p _c10 x 10 x 10 cm |
||
| 650 |
_aComputer software _vProgramming languages |
||
| 942 | _cBOOK | ||
| 999 |
_c882 _d882 |
||